000 00218 a2200097 4500
001 12240
100 _aJane's
245 _aJane's: World Air Forces 2005
260 _aLondon
_bJane's Group
_c2005
090 _c9470
_d9470
942 _aNUST-CAE
_cM
_c36345
999 _c247313
_d247313